Meždunarodnyje ekonomičeskije otnošenija

Salvato in:
Dettagli Bibliografici
Natura: Libro
Lingua:russo
Pubblicazione: Moskva Meždunarodnyje otnošenija 1969
Serie:Institut meždunarodnych otnošenij
Tags: Aggiungi Tag
Nessun Tag, puoi essere il primo ad aggiungerne!!

MARC

LEADER 00000nam a2200000 4500
001 c122596
005 20240430130157.1
041 0 |a rus 
044 |a RU 
245 1 0 |a Meždunarodnyje ekonomičeskije otnošenija  |c Red. N.N. Ljubimova 
264 1 |a Moskva  |b Meždunarodnyje otnošenija  |c 1969 
300 |a 494 s. 
490 1 |a Institut meždunarodnych otnošenij 
830 0 |a Institut meždunarodnych otnošenij